000 00573nam a2200181Ia 4500
008 151018s9999 xx 000 0 und d
082 _bRBASDV9376
_a891.463
100 _aद र कवठेकर
245 _aआभाळाची सावली
250 _b4
260 _bकुलकर्णी ग्रंथागार
_c1960
300 _a400
600 _aद र कवठेकर
630 _aआभाळाची सावली
700 _aद र कवठेकर
730 _aआभाळाची सावली
942 _cBOOK
999 _c1011740
_d1011737